| 000 | 00353nam a2200121 a 4500 | ||
|---|---|---|---|
| 001 | 000002426 | ||
| 005 | 20200929150208.0 | ||
| 008 | 090702s1997 000 spa d | ||
| 020 | _a8489384118 | ||
| 245 | 0 | _aHistoria ilustrada del libro escolar en España : del antigüo régimen a la Segunda República. | |
| 260 |
_aMadrid, _c1997. |
||
| 999 |
_c2262 _d2262 |
||
| 040 | _aDO-SdBNP | ||